Mon enquete sur la guerre des Alpes (Record no. 110509)

MARC details
000 -LEADER
campo de control de longitud fija 00524nam a2200157 4500
001 - NÚMERO DE CONTROL
campo de control 110509
003 - IDENTIFICADOR DE NÚMERO DE CONTROL
campo de control ES-MaACL
005 - FECHA Y HORA DE LA ÚLTIMA TRANSACCIÓN
campo de control 20230906185054.0
007 - CAMPO FIJO DE DESCRIPCIÓN FÍSICA--INFORMACIÓN GENERAL
campo de control de longitud fija t|
008 - DATOS DE LONGITUD FIJA--INFORMACIÓN GENERAL
campo de control de longitud fija 061121s1942 it r ||||1| spa d
100 1# - ENTRADA PRINCIPAL--NOMBRE DE PERSONA
Nombre de persona Offenberg, Lucien.
9 (RLIN) 86560
245 10 - MENCIÓN DEL TÍTULO
Título Mon enquete sur la guerre des Alpes
Resto del título : 10 juin-25 juin 1940 : reportage et temoignages inedits /
Mención de responsabilidad, etc. Lucien Offenberg.
260 ## - PUBLICACIÓN, DISTRIBUCIÓN, ETC.
Lugar de publicación, distribución, etc. Roma :
Nombre del editor, distribuidor, etc. [s.n.],
Fecha de publicación, distribución, etc. 1942 (
Fabricante Tipografía Seperstampa)
300 ## - DESCRIPCIÓN FÍSICA
Extensión 328 p. :
Otras características físicas il. ;
Dimensiones 26 cm.
852 ## - LOCALIZACIÓN
Ubicación ES-MaACL
Número de control de estantería F-15475
Sublocalización o colección R.19707
Holdings
Estatus retirado Estado de pérdida Estado de daño No para préstamo Biblioteca de origen Biblioteca actual Ubicación en estantería Fecha de adquisición Fuente de adquisición Total de préstamos Signatura topográfica completa Código de barras Visto por última vez Precio de reemplazo Tipo de ítem Koha
        Biblioteca del Ateneo de Madrid Biblioteca del Ateneo de Madrid Sala Pecera Planta 2 17/01/2008     F-15475 1115298 23/02/2023 23/02/2023 Libro impreso